<?xml version="1.0" encoding="UTF-8"?><?xml-stylesheet type="text/xsl" href="static/style.xsl"?><OAI-PMH xmlns="http://www.openarchives.org/OAI/2.0/" xmlns:xsi="http://www.w3.org/2001/XMLSchema-instance" xsi:schemaLocation="http://www.openarchives.org/OAI/2.0/ http://www.openarchives.org/OAI/2.0/OAI-PMH.xsd"><responseDate>2026-06-02T22:05:21Z</responseDate><request verb="GetRecord" identifier="oai:riuma.uma.es:10630/32250" metadataPrefix="marc">https://riuma.uma.es/rest/oai/request</request><GetRecord><record><header><identifier>oai:riuma.uma.es:10630/32250</identifier><datestamp>2026-02-03T11:25:27Z</datestamp><setSpec>com_10630_2254</setSpec><setSpec>col_10630_37953</setSpec></header><metadata><record xmlns="http://www.loc.gov/MARC21/slim" xmlns:dcterms="http://purl.org/dc/terms/" xmlns:doc="http://www.lyncode.com/xoai" xmlns:xsi="http://www.w3.org/2001/XMLSchema-instance" xsi:schemaLocation="http://www.loc.gov/MARC21/slim http://www.loc.gov/standards/marcxml/schema/MARC21slim.xsd">
   <leader>00925njm 22002777a 4500</leader>
   <datafield ind2=" " ind1=" " tag="042">
      <subfield code="a">dc</subfield>
   </datafield>
   <datafield ind2=" " ind1=" " tag="720">
      <subfield code="a">García-España, Elisa</subfield>
      <subfield code="e">author</subfield>
   </datafield>
   <datafield ind2=" " ind1=" " tag="720">
      <subfield code="a">Carvalho da Silva, Jacqueline</subfield>
      <subfield code="e">author</subfield>
   </datafield>
   <datafield ind2=" " ind1=" " tag="720">
      <subfield code="a">Casado Patricio, Elena</subfield>
      <subfield code="e">author</subfield>
   </datafield>
   <datafield ind2=" " ind1=" " tag="720">
      <subfield code="a">Prado Manrique, Bertha</subfield>
      <subfield code="e">author</subfield>
   </datafield>
   <datafield ind2=" " ind1=" " tag="260">
      <subfield code="c">2021-12-21</subfield>
   </datafield>
   <datafield ind2=" " ind1=" " tag="520">
      <subfield code="a">La frontera sur de España es una de las principales puertas de entrada a Europa para la  inmigración  irregular  por  mar.  Entre  las  personas  que  llegan  por  vía  marítima,  las  mujeres subsaharianas embarazadas y / o acompañadas de niños, niñas o adolescentes plantean un desafío especial  a  las  autoridades  encargadas  de  la  lucha  contra  la  trata  de  personas  con  fines  de explotación  sexual,  así  como  para  la  protección  de  los  menores  en  movimiento.  La  Fiscalía General del Estado o la Defensoría del Pueblo en España han denunciado el riesgo que corren estas mujeres de ser explotadas en su tránsito por Europa. El programa ÖDOS es un programa pionero y especializado de primera acogida y acompañamiento de estas familias migrantes para dar respuesta a una necesidad imperiosa e invisible de protección y prevención de la victimización con enfoque de género e infancia. Este artículo presenta los resultados de la evaluación externa de los dos primeros años del programa ÖDOS (2018 y 2019). Se enfoca en la valoración de su eficacia.  Los  resultados  muestran  que  el  programa  ÖDOS  es  una  iniciativa  necesaria  para  la prevención secundaria de la trata y para la protección de la infancia en movimiento, aunque la continuidad del trayecto migratorio hacia Francia de la mayoría de las mujeres atendidas apunta a un gran desafío: la necesidad de estrategias internacionales de seguimiento para una efectiva protección de estas mujeres y menores.</subfield>
   </datafield>
   <datafield ind1="8" ind2=" " tag="024">
      <subfield code="a">https://hdl.handle.net/10630/32250</subfield>
   </datafield>
   <datafield ind1="8" ind2=" " tag="024">
      <subfield code="a">10.25267/REJUCRIM.2021.i.4.07</subfield>
   </datafield>
   <datafield tag="653" ind2=" " ind1=" ">
      <subfield code="a">Trata de personas - Prevención</subfield>
   </datafield>
   <datafield tag="653" ind2=" " ind1=" ">
      <subfield code="a">Trata de menores - Prevención</subfield>
   </datafield>
   <datafield tag="653" ind2=" " ind1=" ">
      <subfield code="a">Delitos contra la persona</subfield>
   </datafield>
   <datafield ind2="0" ind1="0" tag="245">
      <subfield code="a">Una parada en el camino: Estrategia de prevención secundaria de la trata en la frontera sur europea.</subfield>
   </datafield>
</record>
</metadata></record></GetRecord></OAI-PMH>